Southville International School and Colleges
Your cart is empty.
  • Cart
  • Lists
    Public lists Eva Luna New books Lux_list list_1
    Your lists Log in to create your own lists
  • Log in to your account
  • Your cookies
  • Search history
Southville International School and Colleges
  • Advanced search
  • Recent comments
  • Most popular
  • Libraries

Log in to your account

Log in with GOOGLE


If you do not have an external account, but do have a local account, you can still log in:

  1. Home
  2. MARC view: Visible learning for teachers :
Normal view MARC view ISBD view

Visible learning for teachers : (Record no. 283995)

[ view plain ]
MARC details
000 -LEADER
fixed length control field 03086nam a22003497a 4500
001 - CONTROL NUMBER
control field 16933466
003 - CONTROL NUMBER IDENTIFIER
control field PILC
005 - DATE AND TIME OF LATEST TRANSACTION
control field 20150515150448.0
008 - FIXED-LENGTH DATA ELEMENTS--GENERAL INFORMATION
fixed length control field 150515b xxu||||| |||| 00| 0 eng d
010 ## - LIBRARY OF CONGRESS CONTROL NUMBER
LC control number 2011032967
016 7# - NATIONAL BIBLIOGRAPHIC AGENCY CONTROL NUMBER
Record control number 015868853
Source Uk
020 ## - INTERNATIONAL STANDARD BOOK NUMBER
International Standard Book Number 9780415690157 (paperback)
020 ## - INTERNATIONAL STANDARD BOOK NUMBER
International Standard Book Number 9780415690157 (paperback)
020 ## - INTERNATIONAL STANDARD BOOK NUMBER
International Standard Book Number 0415690153 (paperback)
035 ## - SYSTEM CONTROL NUMBER
System control number (OCoLC)ocn727702478
040 ## - CATALOGING SOURCE
Original cataloging agency DLC
Transcribing agency DLC
Modifying agency YDX
-- BTCTA
-- YDXCP
-- BWK
-- CDX
-- YBM
-- BWX
-- CTB
-- UKMGB
-- DLC
042 ## - AUTHENTICATION CODE
Authentication code pcc
050 00 - LIBRARY OF CONGRESS CALL NUMBER
Classification number LB1067.5
Item number .H37 2012
082 00 - DEWEY DECIMAL CLASSIFICATION NUMBER
Classification number 370.15/23
084 ## - OTHER CLASSIFICATION NUMBER
Classification number EDU000000
-- EDU003000
-- EDU014000
Source of number bisacsh
100 1# - MAIN ENTRY--PERSONAL NAME
Personal name Hattie, John.
245 10 - TITLE STATEMENT
Title Visible learning for teachers :
Remainder of title maximizing impact on learning /
Statement of responsibility, etc John Hattie.
260 ## - PUBLICATION, DISTRIBUTION, ETC. (IMPRINT)
Place of publication, distribution, etc London ;
-- New York :
Name of publisher, distributor, etc Routledge,
Date of publication, distribution, etc 2012.
300 ## - PHYSICAL DESCRIPTION
Extent x, 269 p. :
Other physical details ill. ;
Dimensions 25 cm.
504 ## - BIBLIOGRAPHY, ETC. NOTE
Bibliography, etc Includes bibliographical references and indexes.
505 0# - FORMATTED CONTENTS NOTE
Formatted contents note The source of ideas and the role of teachers -- The lessons -- Mind frames.
520 ## - SUMMARY, ETC.
Summary, etc "In November 2008, John Hattie's ground-breaking book Visible Learning synthesised the results of more than 15 years research involving millions of students and represented the biggest ever collection of evidence-based research into what actually works in schools to improve learning. Visible Learning for Teachers takes the next step and brings those ground breaking concepts to a completely new audience. Written for students, pre-service and in-service teachers, it explains how to apply the principles of Visible Learning to any classroom anywhere in the world. The author offers concise and user-friendly summaries of the most successful interventions and offers practical step by step guidance to the successful implementation of visible learning and visible teaching in the classroom. This book: - Links the biggest ever research project on teaching strategies to practical classroom implementation - Champions both teacher and student perspectives and contains step by step guidance including lesson preparation, interpreting learning and feedback during the lesson and post lesson follow up - Offers checklists, exercises, case studies and best practice scenarios to assist in raising achievement - Includes whole school checklists and advice for school leaders on facilitating visible learning in their institution - Now includes additional meta-analyses bringing the total cited within the research to over 900 - Comprehensively covers numerous areas of learning activity including pupil motivation, curriculum, meta-cognitive strategies, behaviour, teaching strategies, and classroom management. Visible Learning for Teachers is a must read for any student or teacher who wants an evidence based answer to the question; 'how do we maximise achievement in our schools?'"-- Provided by publisher.
650 #0 - SUBJECT ADDED ENTRY--TOPICAL TERM
Topical term or geographic name as entry element Visual learning.
906 ## - LOCAL DATA ELEMENT F, LDF (RLIN)
a 7
b cbc
c orignew
d 1
e ecip
f 20
g y-gencatlg
942 ## - ADDED ENTRY ELEMENTS (KOHA)
Source of classification or shelving scheme Library of Congress Classification
Koha item type Books
Call number suffix LB1067.5 H37 2012

No items available.

Visible learning for teachers :

APA

Hattie J., . (2012). Visible learning for teachers. London: Routledge.

Chicago

Hattie John, . 2012. Visible learning for teachers. London: Routledge.

Harvard

Hattie J., . (2012). Visible learning for teachers. London: Routledge.

MLA

Hattie John, . Visible learning for teachers. London: Routledge. 2012.

  • Print
  • Cite
  • Add to your cart (remove)
  • Save record
    BIBTEX Dublin Core MARCXML MARC (non-Unicode/MARC-8) MARC (Unicode/UTF-8) MARC (Unicode/UTF-8, Standard) MODS (XML) RIS
  • More searches
    Search for this title in:
    Other Libraries (WorldCat) Other Databases (Google Scholar) Online Stores (Bookfinder.com) Open Library (openlibrary.org)

Exporting to Dublin Core...

SOUTHVILLE LIBRARY

Southville International School and Colleges Library

1281 Tropical Ave. Cor. Luxembourg St., BF Homes International, Las Pinas City

Tel. No. 8256374 / 252358 Loc. 117/146

Powered by Koha